000 00644nam a22002537a 4500
001 BS2023000592
003 BR-BrBNA
005 20231211154438.0
008 231211b bl.||||| |||| 00| 0 por d
020 _a978-85-93876-13-4
040 _aBR-BrBNA
_bpor
041 _apor
072 _aB32
100 _4aut.
_aCalosse, J. P.
245 _aArte Grega /
_cJ. P. Calosse
260 _aSão Paulo :
_bFolha de São Paulo,
_c2017.
300 _a72 p. ;
_bil.
650 _aARTE GREGA
650 _aGRÉCIA - ANTIGUIDADES
650 _aARTE - HISTÓRIA
909 _a202312
_bAna Lívia
942 _cBK
999 _c259953
_d259953